[Event "XXXVIII Olimpiadi femminile"]
[Site "Dresda GER"]
[Date "2008.11.22"]
[Round "9.1"]
[White "Sedina, Elena"]
[Black "Sharevich, Anna"]
[Result "1/2-1/2"]
[WhiteElo "2365"]
[BlackElo "2322"]
[Annotator "ITA-BLR"]
[PlyCount "106"]
[EventDate "2008.11.13"]

1. e4 c5 2. Nf3 e6 3. Nc3 a6 4. g3 b5 5. Bg2 Bb7 6. d3 Be7 7. O-O Nc6 8. e5 Qc7
9. Re1 f6 10. exf6 Nxf6 11. Bf4 Bd6 12. Bxd6 Qxd6 13. Ng5 O-O 14. Nce4 Qe7 15.
Nxf6+ gxf6 16. Nh3 f5 17. c3 Nd8 18. d4 Bxg2 19. Kxg2 cxd4 20. Qxd4 Nc6 21. Qe3
Qf6 22. Rad1 Rf7 23. Qg5+ Qxg5 24. Nxg5 Rg7 25. Nf3 f4 26. Ne5 Nxe5 27. Rxe5
Rf8 28. Rd3 Rgf7 29. f3 fxg3 30. hxg3 Rb8 31. Re2 Rb6 32. f4 a5 33. Kf3 d5 34.
Rde3 Rf6 35. g4 h6 36. a3 b4 37. cxb4 axb4 38. Rb3 Rf8 39. Rxb4 Rxb4 40. axb4
Kf7 41. Rd2 Rb8 42. Rd4 Rb5 43. Ke3 Kg6 44. Kd3 h5 45. gxh5+ Kxh5 46. Kc3 Kg4
47. Kb3 Kf3 48. Ka4 Rb8 49. f5 Ke3 50. Rd1 Ke2 51. Rd4 Ke3 52. Rd1 Ke2 53. Rd4
Ke3 1/2-1/2

[Event "XXXVIII Olimpiadi femminile"]
[Site "Dresda GER"]
[Date "2008.11.22"]
[Round "9.2"]
[White "Popova, Natalija"]
[Black "Zimina, Olga"]
[Result "1/2-1/2"]
[WhiteElo "2264"]
[BlackElo "2368"]
[Annotator "ITA-BLR"]
[PlyCount "154"]
[EventDate "2008.11.13"]

1. e4 e5 2. Nf3 Nc6 3. Bb5 a6 4. Ba4 Nf6 5. O-O b5 6. Bb3 Bc5 7. a4 Rb8 8. d3
O-O 9. Nc3 h6 10. axb5 axb5 11. Nd5 Nd4 12. Nxd4 Bxd4 13. c3 Bc5 14. d4 Nxd5
15. dxc5 Nf6 16. Qf3 Qe7 17. Be3 b4 18. Bc2 bxc3 19. bxc3 Bb7 20. Rfb1 Bc6 21.
h3 Qe6 22. Qf5 Rxb1+ 23. Rxb1 Ra8 24. Qxe6 fxe6 25. f3 Nh5 26. Bb3 Ra3 27. h4
Nf4 28. Kf2 Kf7 29. g3 Ng6 30. Ke2 Ke7 31. Kd2 Ra8 32. Bc4 Nf8 33. Rb2 Nh7 34.
Ra2 Rb8 35. Kc2 Nf6 36. g4 Nh7 37. Ra7 Nf8 38. h5 Nh7 39. Ra2 Kf6 40. Bd3 Ng5
41. Ra1 Nh3 42. Ra7 Nf4 43. Bc4 Ke7 44. Bf2 Ng2 45. Bf1 Nf4 46. Bh4+ Kf7 47.
Be1 Ke7 48. Bd2 Rf8 49. Be1 Kd8 50. Ra1 g6 51. hxg6 Nxg6 52. Be2 Rh8 53. Bd2 h5
54. Bg5+ Ke8 55. Bf6 Rf8 56. g5 Kf7 57. Rh1 h4 58. Bf1 Ra8 59. Bc4 Ra5 60. Bf1
Ra1 61. Kd3 Bb5+ 62. c4 Ba6 63. Bd8 Ra3+ 64. Kd2 Rxf3 65. Bxc7 Bb7 66. Be2 Rf2
67. Ke3 Rf4 68. Bf3 Kg8 69. Bd6 Bc6 70. Bc7 Kh7 71. Bd6 Kg8 72. Bc7 Rf8 73. Bh5
Nf4 74. Bf3 Ng6 75. Bh5 Nf4 76. Bf3 Ng6 77. Bh5 Nf4 1/2-1/2

[Event "XXXVIII Olimpiadi femminile"]
[Site "Dresda GER"]
[Date "2008.11.22"]
[Round "9.3"]
[White "Brunello, Marina"]
[Black "Azarova, Nadezhda"]
[Result "1/2-1/2"]
[WhiteElo "2117"]
[BlackElo "2308"]
[Annotator "ITA-BLR"]
[PlyCount "67"]
[EventDate "2008.11.13"]

1. e4 e5 2. Nf3 Nc6 3. d4 exd4 4. Nxd4 Nf6 5. Nc3 Bb4 6. Nxc6 bxc6 7. Bd3 d5 8.
exd5 cxd5 9. O-O O-O 10. Bg5 c6 11. Na4 h6 12. Bh4 Re8 13. c4 Bd6 14. Bg3 Bxg3
15. hxg3 Ng4 16. Be2 Qg5 17. Bf3 Qh5 18. Bxg4 Bxg4 19. f3 Be6 20. cxd5 Bxd5 21.
Nc3 Qg6 22. Nxd5 cxd5 23. Qxd5 Qxg3 24. Rad1 Rab8 25. Qd2 Rb5 26. Qf2 Qb8 27.
b3 a5 28. Rfe1 Rbe5 29. Rxe5 Qxe5 30. Qd4 Qg3 31. Qd7 Re1+ 32. Rxe1 Qxe1+ 33.
Kh2 Qe5+ 34. Kh1 1/2-1/2

[Event "XXXVIII Olimpiadi femminile"]
[Site "Dresda GER"]
[Date "2008.11.22"]
[Round "9.4"]
[White "Berlin, Tatiana"]
[Black "De Rosa, Mariagrazia"]
[Result "1/2-1/2"]
[WhiteElo "2218"]
[BlackElo "2083"]
[Annotator "ITA-BLR"]
[PlyCount "119"]
[EventDate "2008.11.13"]

1. e4 c5 2. Nc3 e6 3. g3 d5 4. d3 dxe4 5. dxe4 Qxd1+ 6. Nxd1 Nc6 7. Bg2 Nf6 8.
Bd2 Be7 9. Ne3 O-O 10. O-O-O Rd8 11. Ne2 Nd4 12. Nf4 Rb8 13. h3 b6 14. c3 Nc6
15. Nc4 Ba6 16. e5 Nd5 17. Nxd5 exd5 18. Ne3 Nxe5 19. Nxd5 Nd3+ 20. Kc2 Bd6 21.
Be3 c4 22. b3 Kf8 23. Bd4 Bc5 24. Bxc5+ Nxc5 25. Nb4 Bb7 26. Bxb7 cxb3+ 27.
axb3 Rxd1 28. Rxd1 Rxb7 29. Nc6 g6 30. Rd8+ Kg7 31. b4 Ne4 32. Ra8 Rc7 33. b5
Nd6 34. Rxa7 Nxb5 35. Rxc7 Nxc7 36. Kd3 Kf6 37. Kd4 h5 38. c4 Ke6 39. Ne5 Ke7
40. Nd3 Kd6 41. Kc3 Ke6 42. Kb4 Kd6 43. Nf4 Ke5 44. Kc3 Ke4 45. Nd3 g5 46. c5
bxc5 47. Nxc5+ Kf3 48. Nd3 f6 49. Kd2 Kg2 50. h4 gxh4 51. gxh4 Kf3 52. Ke1 Kg4
53. Kf1 Kxh4 54. Kg2 Nd5 55. Nc5 Kg4 56. f3+ Kf5 57. Kg3 Nf4 58. Ne4 Nd5 59.
Kh4 Kf4 60. Kxh5 1/2-1/2

[Event "XIII Memorial Roberto Magari A"]
[Site "Siena ITA"]
[Date "2008.11.14"]
[Round "1"]
[White "Baldi, Daniele"]
[Black "Madiai, Federico"]
[Result "1/2-1/2"]
[WhiteElo "1744"]
[BlackElo "2096"]
[PlyCount "33"]
[EventDate "2008.11.14"]

1. d4 Nf6 2. c4 g6 3. Nc3 d5 4. Bf4 Bg7 5. e3 O-O 6. Nf3 c5 7. Rc1 Qa5 8. Be2
dxc4 9. Bxc4 Ne4 10. O-O Nxc3 11. bxc3 Bd7 12. Qe2 e6 13. Bd6 Rc8 14. Bxc5 b5
15. Bb4 Qb6 16. Bc5 Qa5 17. Bb4 1/2-1/2

[Event "XIII Memorial Roberto Magari A"]
[Site "Siena ITA"]
[Date "2008.11.14"]
[Round "2"]
[White "Molina, Fabrizio"]
[Black "Baldi, Daniele"]
[Result "0-1"]
[WhiteElo "2290"]
[BlackElo "1744"]
[PlyCount "68"]
[EventDate "2008.11.14"]

1. Nf3 Nf6 2. g3 g6 3. Bg2 Bg7 4. c4 d6 5. Nc3 O-O 6. O-O e5 7. d3 Nbd7 8. Rb1
Nh5 9. b4 f5 10. Qb3 Kh8 11. Ng5 Ndf6 12. c5 Qd7 13. cxd6 cxd6 14. a4 h6 15.
Nf3 Rb8 16. b5 b6 17. Ba3 Bb7 18. Nh4 Kh7 19. Bxb7 Rxb7 20. Nd5 f4 21. Nxf6+
Nxf6 22. Nf3 Qh3 23. Bxd6 Re8 24. Bxe5 Rxe5 25. Nxe5 Re7 26. Nf3 fxg3 27. Qb4
gxh2+ 28. Kh1 Rxe2 29. Qf4 Nh5 30. Qxh2 Qxf3+ 31. Kg1 Nf4 32. Qg3 Nh3+ 33. Kh2
Be5 34. Kxh3 Bxg3 0-1

[Event "XIII Memorial Roberto Magari A"]
[Site "Siena ITA"]
[Date "2008.11.15"]
[Round "3"]
[White "Tocchioni, Doriano"]
[Black "Baldi, Daniele"]
[Result "0-1"]
[WhiteElo "2259"]
[BlackElo "1744"]
[PlyCount "64"]
[EventDate "2008.11.14"]

1. d4 Nf6 2. Bg5 e6 3. e4 h6 4. Bxf6 Qxf6 5. Nf3 g6 6. Nc3 d6 7. Qd2 Bg7 8.
O-O-O Nd7 9. h4 a6 10. e5 Qe7 11. Qe3 d5 12. g4 b5 13. Rh3 Nb6 14. g5 h5 15.
Nd2 Nc4 16. Qe1 c5 17. Bxc4 bxc4 18. Nf3 cxd4 19. Nxd4 Bd7 20. f4 O-O 21. Nce2
a5 22. Qc3 Rfb8 23. Re3 Rb6 24. f5 exf5 25. Nf4 Be6 26. Ndxe6 fxe6 27. Nxg6 Qc7
28. Nf4 Rab8 29. Nxh5 Rxb2 30. Nf4 Rb1+ 31. Kd2 d4 32. Qxc4 Qxc4 0-1

[Event "XIII Memorial Roberto Magari A"]
[Site "Siena ITA"]
[Date "2008.11.15"]
[Round "4"]
[White "Baldi, Daniele"]
[Black "Cocuzzi, Edoardo"]
[Result "0-1"]
[WhiteElo "1744"]
[BlackElo "1889"]
[PlyCount "80"]
[EventDate "2008.11.14"]

1. d4 d5 2. c4 e6 3. Nc3 Nf6 4. cxd5 exd5 5. Bg5 Be7 6. e3 c6 7. Qc2 O-O 8. Bd3
h6 9. Bh4 Re8 10. Nf3 Nbd7 11. Bg3 Bb4 12. O-O Bxc3 13. bxc3 Ne4 14. Be5 f6 15.
Bf4 g5 16. Bg3 h5 17. Bxe4 dxe4 18. Nd2 f5 19. f3 h4 20. Bf2 Nf6 21. fxe4 Nxe4
22. Nxe4 Rxe4 23. Rab1 g4 24. Kh1 b5 25. c4 a6 26. cxb5 cxb5 27. Qc6 Be6 28.
Bxh4 Qc8 29. Qd6 Qf8 30. Be7 Qf7 31. Rbc1 Bc4 32. Rfe1 Rxe7 33. Qf4 Qg6 34. d5
Rd8 35. a4 Re4 36. Qc7 Qd6 37. Qa5 Rd7 38. axb5 Rh7 39. g3 Qxd5 40. Red1 Rd4+
0-1

[Event "XIII Memorial Roberto Magari A"]
[Site "Siena ITA"]
[Date "2008.11.16"]
[Round "5"]
[White "Baldi, Daniele"]
[Black "Garofalo, Massimo"]
[Result "1-0"]
[WhiteElo "1744"]
[BlackElo "1979"]
[PlyCount "109"]
[EventDate "2008.11.14"]

1. Nf3 Nf6 2. g3 b6 3. Bg2 Bb7 4. d3 d5 5. O-O Nbd7 6. Nbd2 e5 7. c4 d4 8. Re1
Bd6 9. e3 dxe3 10. Rxe3 O-O 11. Ne4 Ng4 12. Re2 f5 13. Nxd6 cxd6 14. Nxe5 Bxg2
15. Nxd7 Bf3 16. Nxf8 Qxf8 17. Bf4 Ne5 18. Bxe5 dxe5 19. Qe1 Bxe2 20. Qxe2 Re8
21. Re1 Qd6 22. Qe3 Qb4 23. b3 h6 24. d4 e4 25. d5 Qa3 26. Re2 Rf8 27. Qd2 Rd8
28. Kg2 Kh7 29. Qe3 Qd6 30. Qf4 Qf6 31. f3 exf3+ 32. Kxf3 Rf8 33. Qe5 Qg6 34.
Qe6 Qh5+ 35. Kg2 f4 36. Qe4+ Kh8 37. Rf2 g5 38. Qe5+ Kg8 39. Qe6+ Kg7 40. g4
Qe8 41. Qxe8 Rxe8 42. Kf1 h5 43. gxh5 Kh6 44. Re2 Rf8 45. b4 Kxh5 46. c5 f3 47.
Re5 bxc5 48. bxc5 Kg4 49. d6 Kf4 50. Rd5 Rb8 51. Rd1 Rb2 52. d7 Rxh2 53. d8=Q
Rh1+ 54. Kf2 Rh2+ 55. Kg1 1-0

[Event "XIII Memorial Roberto Magari A"]
[Site "Siena ITA"]
[Date "2008.11.16"]
[Round "6"]
[White "Caruso, Augusto"]
[Black "Baldi, Daniele"]
[Result "1-0"]
[WhiteElo "2250"]
[BlackElo "1744"]
[PlyCount "143"]
[EventDate "2008.11.14"]

1. Nc3 c5 2. Nf3 e6 3. e4 a6 4. d4 cxd4 5. Nxd4 Qc7 6. g3 b5 7. Bf4 d6 8. Bxb5+
Nd7 9. O-O Ngf6 10. Ba4 Be7 11. Nc6 Bb7 12. e5 Bxc6 13. exd6 Bxd6 14. Bxd6 Qb7
15. Bxc6 Qxc6 16. Ba3 Ne5 17. Qd6 Qxd6 18. Bxd6 Nc4 19. Rfd1 Nxb2 20. Rd4 Rc8
21. Rb1 Nc4 22. Bc5 Ne5 23. Ne4 Nxe4 24. Rxe4 Nf3+ 25. Kg2 Nd2 26. Reb4 Nxb1
27. Rxb1 Kd7 28. Bd4 f6 29. Rd1 Ke7 30. Rb1 Rhd8 31. Bb6 Rd7 32. Rc1 Rc6 33.
Ba5 Rd4 34. a3 e5 35. c3 Ra4 36. Bb4+ Ke6 37. c4 a5 38. Bd2 Rxa3 39. h4 Ra2 40.
Be3 a4 41. Rc3 Rb2 42. c5 Rb3 43. Rc4 Ra3 44. Rb4 Kd5 45. Rb7 Rxe3 46. fxe3
Kxc5 47. Rxg7 Ra6 48. Rxh7 a3 49. Rc7+ Kd6 50. Rc1 a2 51. Ra1 Kc5 52. Kf3 Kb4
53. Ke4 Kb3 54. h5 Kb2 55. Rxa2+ Kxa2 56. Kf5 Kb3 57. h6 Kc4 58. h7 Ra8 59.
Kxf6 Kd5 60. g4 Ra6+ 61. Kg5 Ra8 62. Kh6 Ra6+ 63. Kh5 Ra1 64. Kg6 Ra6+ 65. Kg5
Ra8 66. Kf5 Rh8 67. Kg6 Ke6 68. e4 Ke7 69. Kg7 Rxh7+ 70. Kxh7 Kf6 71. Kh6 Kf7
72. Kg5 1-0

[Event "I Open Basso Veronese"]
[Site "Casaleone ITA"]
[Date "2008.11.15"]
[Round "1"]
[White "Bellini, Luca"]
[Black "Capata, Ion"]
[Result "0-1"]
[WhiteElo "1599"]
[BlackElo "2136"]
[PlyCount "86"]
[EventDate "2008.11.15"]

1. e4 e5 2. Bc4 Bc5 3. Nf3 d6 4. h3 Nf6 5. Nc3 c6 6. a4 O-O 7. O-O d5 8. Bd3
Re8 9. Re1 Nbd7 10. exd5 cxd5 11. Bb5 e4 12. Nh2 d4 13. Ne2 a6 14. Bxd7 Qxd7
15. Ng3 d3 16. Nhf1 Qd4 17. Ne3 Bd7 18. c3 Qe5 19. b4 Bxb4 20. Rb1 Bc5 21. c4
Bd4 22. Ba3 b5 23. cxb5 axb5 24. axb5 Bxe3 25. Rxe3 Rxa3 26. b6 Raa8 27. Qb3
Rab8 28. Qc4 Qd5 29. Qc7 Qc6 30. Qf4 Nd5 31. Qg5 Nxe3 32. Qxe3 f5 33. Qd4 g6
34. Nf1 Be6 35. Ne3 f4 36. Nd1 Qd5 37. Qb4 Qg5 38. Kh2 f3 39. Ne3 fxg2 40. Nxg2
Qe5+ 41. f4 exf3+ 42. Qf4 Ba2 43. Rf1 fxg2 0-1

[Event "I Open Basso Veronese"]
[Site "Casaleone ITA"]
[Date "2008.11.15"]
[Round "1"]
[White "Bertani, Gianfranco"]
[Black "Della Sala, Bruno"]
[Result "1-0"]
[WhiteElo "2106"]
[BlackElo "1560"]
[PlyCount "59"]
[EventDate "2008.11.15"]

1. d4 Nf6 2. Nf3 d6 3. h3 c6 4. Bf4 Nbd7 5. Nbd2 Qb6 6. Qc1 g6 7. e4 Bg7 8. c3
O-O 9. Bd3 Re8 10. Nc4 Qc7 11. e5 b5 12. exf6 bxc4 13. fxg7 cxd3 14. O-O Ba6
15. Re1 Qb6 16. b3 d5 17. Bg5 Nf6 18. Rxe7 Ne4 19. Qf4 Rxe7 20. Bxe7 Qb7 21.
Bf8 Nxc3 22. Qh6 Ne4 23. Ne5 d2 24. f3 Be2 25. Ng4 Qb6 26. Qxd2 Rxf8 27.
gxf8=Q+ Kxf8 28. fxe4 dxe4 29. Ne5 Qb5 30. Re1 1-0

[Event "I Open Basso Veronese"]
[Site "Casaleone ITA"]
[Date "2008.11.15"]
[Round "1"]
[White "De Grandi, Samuele"]
[Black "Bonini, Roberto"]
[Result "0-1"]
[WhiteElo "1440"]
[BlackElo "1843"]
[PlyCount "74"]
[EventDate "2008.11.15"]

1. c4 g6 2. Nc3 Bg7 3. g3 Nc6 4. Bg2 Nf6 5. e4 O-O 6. d3 d6 7. h3 Rb8 8. Rb1
Nd4 9. Nge2 Ne8 10. Nxd4 Bxd4 11. Ne2 Bg7 12. O-O e5 13. Be3 a6 14. Qd2 Be6 15.
f4 Qc8 16. g4 f5 17. gxf5 gxf5 18. exf5 Bxf5 19. Rf3 e4 20. Rg3 exd3 21. Nc1
Rf6 22. Bd4 Rg6 23. Rxg6 hxg6 24. Bxg7 Nxg7 25. Kh2 b5 26. Nxd3 bxc4 27. Bd5+
Be6 28. Nf2 Bxd5 29. Qxd5+ Qe6 30. Qxe6+ Nxe6 31. Kg3 c3 32. b3 d5 33. Kf3 c5
34. Rc1 d4 35. Rd1 Rf8 36. Nd3 Nxf4 37. Nxf4 g5 0-1

[Event "I Open Basso Veronese"]
[Site "Casaleone ITA"]
[Date "2008.11.15"]
[Round "1"]
[White "Del Colle, Raffaele"]
[Black "Coratella, Giuseppe"]
[Result "0-1"]
[WhiteElo "1617"]
[BlackElo "2258"]
[PlyCount "102"]
[EventDate "2008.11.15"]

1. d4 g6 2. c4 Bg7 3. Nc3 d6 4. Nf3 Nd7 5. e3 e5 6. Be2 Ngf6 7. O-O O-O 8. b4
exd4 9. exd4 a5 10. b5 Re8 11. Bb2 Nf8 12. a4 Ne6 13. Qd2 b6 14. Rfe1 Bb7 15.
d5 Nc5 16. Bd1 Rxe1+ 17. Nxe1 Qe7 18. Bc2 Re8 19. Nf3 Bc8 20. Re1 Qf8 21. h3
Nfd7 22. Nd1 Ne5 23. Nxe5 dxe5 24. f4 exf4 25. Rxe8 Qxe8 26. Bxg7 Kxg7 27. Qxf4
Qe1+ 28. Kh2 Qe7 29. Qe3 Qxe3 30. Nxe3 Kf6 31. Kg3 Ke5 32. Kf3 f5 33. g3 g5 34.
g4 f4 35. Nf1 h6 36. Nd2 Kd4 37. Ke2 Kc3 38. Kd1 Bd7 39. Kc1 Nd3+ 40. Bxd3 Kxd3
41. Kd1 Ke3 42. Ke1 Kd4 43. Kd1 Be8 44. Ke2 Kc3 45. Ne4+ Kd4 46. Nd2 Bg6 47.
Nf3+ Kc5 48. Kd2 Be4 49. Ne5 Bg2 50. Nf7 Bxh3 51. Nxh6 Kxc4 0-1

[Event "I Open Basso Veronese"]
[Site "Casaleone ITA"]
[Date "2008.11.15"]
[Round "1"]
[White "Gioga, Michele"]
[Black "Marino, Francesco V."]
[Result "1/2-1/2"]
[WhiteElo "1392"]
[BlackElo "1686"]
[PlyCount "58"]
[EventDate "2008.11.15"]

1. e4 c5 2. Nf3 Nc6 3. Bb5 a6 4. Bxc6 dxc6 5. O-O Nf6 6. Re1 g6 7. d3 Bg7 8.
Bf4 Nh5 9. Be3 Bxb2 10. Nbd2 b6 11. Rb1 Bg7 12. h3 O-O 13. Nh2 Be6 14. Nb3 h6
15. Qd2 Kh7 16. f4 Nf6 17. c4 Qc7 18. Nf3 Rad8 19. Qe2 Nd7 20. a4 Rfe8 21. Rf1
Rb8 22. Nfd2 f5 23. e5 Nxe5 24. fxe5 Qxe5 25. Nf3 Qf6 26. Bf4 g5 27. Bxb8 Rxb8
28. Rfe1 Bg8 29. Qxe7 Qc3 1/2-1/2

[Event "I Open Basso Veronese"]
[Site "Casaleone ITA"]
[Date "2008.11.15"]
[Round "1"]
[White "Guerra, Alessandro"]
[Black "De Paoli, Emilio"]
[Result "1-0"]
[WhiteElo "2195"]
[BlackElo "1608"]
[PlyCount "91"]
[EventDate "2008.11.15"]

1. e4 d5 2. Nc3 d4 3. Nce2 Nf6 4. Ng3 e5 5. Nf3 Bd6 6. Bc4 c6 7. a4 Nbd7 8. d3
Nb6 9. Ba2 Bd7 10. O-O O-O 11. Nh4 Bg4 12. Qe1 Nh5 13. Nhf5 Nxg3 14. fxg3 Bxf5
15. Rxf5 g6 16. Rf3 Kg7 17. g4 c5 18. Rh3 g5 19. Qf2 Rc8 20. a5 Nd7 21. Bd2 Qf6
22. Rf3 Qg6 23. h4 f6 24. Rf1 c4 25. hxg5 fxg5 26. Bxc4 Nf6 27. Qg3 Nxe4 28.
dxe4 Rxf3 29. Qxf3 Rxc4 30. Bxg5 Rc6 31. Bf6+ Kg8 32. Bxe5 Bc5 33. b4 Be7 34.
Bxd4 Qe6 35. c3 Rc8 36. Qf5 Qxf5 37. gxf5 b6 38. axb6 axb6 39. f6 Bd6 40. e5
Bc7 41. e6 h5 42. Rf5 h4 43. Rg5+ Kh7 44. Rg7+ Kh6 45. Be3+ Kh5 46. Rg5+ 1-0

[Event "I Open Basso Veronese"]
[Site "Casaleone ITA"]
[Date "2008.11.15"]
[Round "1"]
[White "Lazic, Miroljub"]
[Black "Turazza, Andrea"]
[Result "1-0"]
[WhiteElo "2472"]
[BlackElo "1659"]
[PlyCount "55"]
[EventDate "2008.11.15"]

1. e4 c5 2. c3 Nf6 3. e5 Nd5 4. d4 cxd4 5. Qxd4 e6 6. Bc4 Nc6 7. Qe4 Nb6 8. Bb3
d5 9. Qe2 Bc5 10. Nf3 O-O 11. O-O Qc7 12. Nbd2 Nd7 13. Re1 a6 14. Bc2 Rd8 15.
Nb3 Be7 16. Bf4 b5 17. Nbd4 Bb7 18. Nxc6 Bxc6 19. Nd4 Rac8 20. Rad1 b4 21. Qxa6
Bb7 22. Nxe6 Bxa6 23. Nxc7 Rxc7 24. e6 Rc4 25. exd7 Rxd7 26. Bd2 bxc3 27. Bxc3
Rc8 28. Bf5 1-0

[Event "I Open Basso Veronese"]
[Site "Casaleone ITA"]
[Date "2008.11.15"]
[Round "1"]
[White "Moscato, Riccardo"]
[Black "Caldonazzo, Matteo"]
[Result "1-0"]
[WhiteElo "1434"]
[BlackElo "1782"]
[PlyCount "65"]
[EventDate "2008.11.15"]

1. d4 Nf6 2. Nf3 e6 3. e3 d5 4. Be2 c5 5. O-O Bd6 6. dxc5 Bxc5 7. c4 O-O 8. Qc2
Nbd7 9. Rd1 Qe7 10. Nc3 Bb4 11. b3 Nb6 12. cxd5 Bxc3 13. d6 Qd8 14. Qxc3 Nbd5
15. Qc2 Bd7 16. Rd4 Rc8 17. Qd2 Nc3 18. Bb2 Nfe4 19. Qe1 a6 20. Bxc3 Nxc3 21.
Bc4 Nb5 22. Bxb5 Bxb5 23. a4 Bc6 24. Ne5 Bd5 25. e4 Qb6 26. Rb4 Qxd6 27. exd5
Rfe8 28. Nc4 Qc5 29. d6 Red8 30. Rb6 Qd4 31. Rd1 Qc5 32. Qe5 Rxd6 33. Rbxd6 1-0

[Event "I Open Basso Veronese"]
[Site "Casaleone ITA"]
[Date "2008.11.15"]
[Round "1"]
[White "Ricci, Alfredo"]
[Black "Vicentini, Giovanni"]
[Result "1-0"]
[WhiteElo "2020"]
[BlackElo "1533"]
[PlyCount "33"]
[EventDate "2008.11.15"]

1. e4 e6 2. d4 d5 3. Nc3 dxe4 4. Nxe4 Nd7 5. Nf3 Ngf6 6. Bd3 h6 7. O-O Nxe4 8.
Bxe4 Nf6 9. Bd3 c5 10. Be3 Qb6 11. Ne5 cxd4 12. Bxd4 Bc5 13. Bc3 O-O 14. Ng4
Nxg4 15. Qxg4 e5 16. Qe4 f5 17. Qxe5 1-0

[Event "I Open Basso Veronese"]
[Site "Casaleone ITA"]
[Date "2008.11.15"]
[Round "1"]
[White "Rondelli, Roberto"]
[Black "Marcori, Mirko"]
[Result "0-1"]
[WhiteElo "1488"]
[BlackElo "1911"]
[PlyCount "112"]
[EventDate "2008.11.15"]

1. Nf3 f5 2. d4 Nf6 3. c4 e6 4. Nc3 Be7 5. Qc2 c6 6. Bf4 d5 7. Rc1 O-O 8. e3
Ne4 9. h4 Nd7 10. cxd5 exd5 11. Nxe4 fxe4 12. Ng5 Nf6 13. a3 h6 14. Nh3 Nh5 15.
g3 Bg4 16. Be2 Qd7 17. Qd1 Nf6 18. Ng1 Rac8 19. Be5 Bxe2 20. Qxe2 Ng4 21. f4 h5
22. Nh3 Rf5 23. Nf2 Nxe5 24. dxe5 Qe8 25. g4 hxg4 26. Qxg4 Qh5 27. Ke2 Qxg4+
28. Nxg4 Rh5 29. Rcg1 Kf7 30. e6+ Kxe6 31. Ne5 Bf6 32. Ng6 Kf7 33. b3 b6 34.
Rg4 c5 35. Rhg1 d4 36. Ne5+ Bxe5 37. fxe5 d3+ 38. Kd2 g5 39. Rxg5 Rxg5 40. Rxg5
c4 41. bxc4 Rxc4 42. h5 Rc2+ 43. Kd1 Re2 44. h6 Rxe3 45. Rg4 Rh3 46. Rxe4 Ke6
47. Kd2 Rxh6 48. Re3 Rh5 49. Kxd3 Rxe5 50. Rxe5+ Kxe5 51. Kc4 a6 52. Kb4 Kd5
53. a4 Kd4 54. a5 b5 55. Kb3 Kc5 56. Ka3 Kc4 0-1

[Event "I Open Basso Veronese"]
[Site "Casaleone ITA"]
[Date "2008.11.15"]
[Round "1"]
[White "Valentini, Luca"]
[Black "Pomante, Sergio"]
[Result "1-0"]
[WhiteElo "1918"]
[BlackElo "1490"]
[PlyCount "51"]
[EventDate "2008.11.15"]

1. d4 Nf6 2. Nf3 g6 3. e3 Bg7 4. Nbd2 O-O 5. Bd3 Nc6 6. O-O d6 7. c3 e5 8. e4
exd4 9. Nxd4 Nxd4 10. cxd4 a5 11. a4 c6 12. Re1 Be6 13. Nf3 Qb6 14. Bf4 Rfd8
15. Qe2 Bg4 16. Be3 d5 17. e5 Ne4 18. h3 Bc8 19. Bxe4 dxe4 20. Ng5 f5 21. exf6
Bxf6 22. Qc4+ Rd5 23. Nxe4 Bxd4 24. Nf6+ Kg7 25. Nxd5 cxd5 26. Bxd4+ 1-0

[Event "I Open Basso Veronese"]
[Site "Casaleone ITA"]
[Date "2008.11.15"]
[Round "1"]
[White "Zanchetta, Nicola"]
[Black "Tegani, Andrea"]
[Result "1-0"]
[WhiteElo "1752"]
[BlackElo "1398"]
[PlyCount "120"]
[EventDate "2008.11.15"]

1. e4 d6 2. d4 Nf6 3. Nc3 e5 4. dxe5 dxe5 5. Qxd8+ Kxd8 6. Bg5 Nbd7 7. Nf3 h6
8. Bxf6+ gxf6 9. O-O-O c6 10. g3 Bb4 11. Bh3 Bxc3 12. bxc3 Ke7 13. Nh4 Nb6 14.
Bxc8 Raxc8 15. Nf5+ Kf8 16. Rd6 Na4 17. Rhd1 Ke8 18. R6d3 Nc5 19. Nd6+ Ke7 20.
Nxc8+ Rxc8 21. Re3 Ke6 22. f3 f5 23. exf5+ Kxf5 24. Rd6 f6 25. Kd2 h5 26. Ke2
Rf8 27. g4+ hxg4 28. fxg4+ Kg5 29. Kf3 Rh8 30. Kg3 e4 31. Re1 f5 32. gxf5 Kxf5
33. Rf1+ Ke5 34. Rdf6 Rg8+ 35. Kh4 Rh8+ 36. Kg5 Rg8+ 37. Kh6 e3 38. R6f5+ Kd6
39. Rd1+ Ke6 40. Rxc5 e2 41. Re1 Rg2 42. h4 Rf2 43. Rg5 Kf6 44. h5 b6 45. Rg6+
Kf5 46. Rxc6 Kf4 47. Rf6+ Ke3 48. Rxf2 Kxf2 49. Rb1 e1=Q 50. Rxe1 Kxe1 51. Kg5
Kd2 52. h6 Kxc2 53. h7 Kxc3 54. h8=Q+ Kb4 55. Qg7 a5 56. Qb2+ Kc5 57. a4 Kc6
58. Kf5 Kc7 59. Ke5 Kc6 60. Qb5+ Kb7 1-0

[Event "I Open Basso Veronese"]
[Site "Casaleone ITA"]
[Date "2008.11.15"]
[Round "1"]
[White "Zonta, Riccardo"]
[Black "Pisani, Valerio"]
[Result "0-1"]
[WhiteElo "1527"]
[BlackElo "1935"]
[PlyCount "64"]
[EventDate "2008.11.15"]

1. e4 e5 2. Nc3 Nf6 3. Nf3 d6 4. d4 exd4 5. Nxd4 Be7 6. Bc4 O-O 7. O-O c6 8. h3
b5 9. Bd3 b4 10. Nce2 Re8 11. Bg5 c5 12. Nf5 Bxf5 13. exf5 a6 14. Ng3 d5 15.
Re1 Nc6 16. c3 c4 17. Bc2 Qa5 18. Qf3 h6 19. Bd2 Bd6 20. Rxe8+ Rxe8 21. cxb4
Bxb4 22. Bxb4 Qxb4 23. Qc3 d4 24. Qxb4 Nxb4 25. Ba4 Re7 26. a3 Nd3 27. b4 Nb2
28. Bc6 d3 29. Nf1 c3 30. Ne3 d2 31. Bf3 Rxe3 32. fxe3 c2 0-1

[Event "I Open Basso Veronese"]
[Site "Casaleone ITA"]
[Date "2008.11.16"]
[Round "2"]
[White "Andreeva, Arina"]
[Black "Moscato, Riccardo"]
[Result "1-0"]
[WhiteElo "2001"]
[BlackElo "1434"]
[PlyCount "87"]
[EventDate "2008.11.15"]

1. d4 d5 2. c4 e6 3. Nc3 Nf6 4. Bg5 Be7 5. e3 Nbd7 6. Nf3 b6 7. cxd5 Nxd5 8.
Bxe7 Nxe7 9. Bc4 Bb7 10. e4 c6 11. O-O O-O 12. b4 Qc7 13. Rc1 Rac8 14. a3 Qb8
15. e5 Rfd8 16. Ne4 b5 17. Ba2 Nb6 18. Nd6 Rxd6 19. exd6 Qxd6 20. Qe2 Nf5 21.
Rfd1 Qf4 22. Qe5 Qh6 23. Bb1 Ne7 24. Ng5 Ng6 25. Qg3 Na4 26. Ne4 Nb2 27. Re1
Nf4 28. Qc3 Na4 29. Qe3 Rd8 30. Nc5 Nxc5 31. dxc5 Rd2 32. Rcd1 Rxd1 33. Rxd1
Nd5 34. Qxh6 gxh6 35. Be4 Bc8 36. f4 f5 37. Bxd5 exd5 38. Kf2 Kf7 39. Ke3 Kf6
40. Kd4 Be6 41. a4 bxa4 42. Ra1 a6 43. Rxa4 Bc8 44. Ra3 1-0

[Event "I Open Basso Veronese"]
[Site "Casaleone ITA"]
[Date "2008.11.16"]
[Round "2"]
[White "Bonini, Roberto"]
[Black "Ricci, Alfredo"]
[Result "0-1"]
[WhiteElo "1843"]
[BlackElo "2020"]
[PlyCount "72"]
[EventDate "2008.11.15"]

1. d4 c5 2. dxc5 e5 3. e4 Bxc5 4. Nf3 Qb6 5. Qd2 Nf6 6. Bd3 d5 7. Nc3 d4 8. Na4
Qc6 9. Nxc5 Qxc5 10. Qg5 Nbd7 11. O-O O-O 12. Nh4 h6 13. Qg3 Nh5 14. Qf3 Ndf6
15. h3 g5 16. g4 Nf4 17. Bxf4 gxf4 18. Kh2 Nh7 19. Nf5 Bxf5 20. gxf5 Qc6 21. b3
Rac8 22. a4 Kh8 23. Bc4 Qf6 24. Rg1 Qh4 25. Rg4 Ng5 26. Qg2 Qh5 27. Rd1 Rg8 28.
Rd3 Rg7 29. f3 Rcg8 30. Qf1 Nxf3+ 31. Qxf3 Rxg4 32. Bxf7 Qh4 33. Bg6 Rc8 34.
Qxg4 Rxc2+ 35. Kh1 Qe1+ 36. Qg1 Qxe4+ 0-1

[Event "I Open Basso Veronese"]
[Site "Casaleone ITA"]
[Date "2008.11.16"]
[Round "2"]
[White "Caldonazzo, Matteo"]
[Black "Zonta, Riccardo"]
[Result "1/2-1/2"]
[WhiteElo "1782"]
[BlackElo "1527"]
[PlyCount "28"]
[EventDate "2008.11.15"]

1. e4 d6 2. d4 Nf6 3. Nc3 e5 4. dxe5 dxe5 5. Qxd8+ Kxd8 6. Bc4 Be6 7. Bxe6 fxe6
8. Nf3 Bd6 9. Be3 Nbd7 10. O-O-O Ke7 11. Bg5 a6 12. Bxf6+ Nxf6 13. a3 b5 14. h3
Rhb8 1/2-1/2

[Event "I Open Basso Veronese"]
[Site "Casaleone ITA"]
[Date "2008.11.16"]
[Round "2"]
[White "Di Natale, Gianluca"]
[Black "Gioga, Michele"]
[Result "0-1"]
[WhiteElo "1368"]
[BlackElo "1392"]
[PlyCount "60"]
[EventDate "2008.11.15"]

1. e4 e5 2. Nf3 Nc6 3. Bc4 Nf6 4. Nc3 h6 5. d3 d6 6. h3 a6 7. Be3 Na5 8. Bb3
Nxb3 9. axb3 Be7 10. O-O O-O 11. Qe2 Nh7 12. Nd5 f5 13. exf5 Bxf5 14. Nxe7+
Qxe7 15. Rfe1 Qf7 16. Nh2 Qg6 17. g4 Be6 18. d4 exd4 19. Bxd4 Rae8 20. Qd2 Bd7
21. c3 Bc6 22. Nf1 Ng5 23. Nh2 Nxh3+ 24. Kf1 h5 25. Rxe8 Rxe8 26. Qd1 hxg4 27.
Be3 g3 28. Nf3 gxf2 29. Bxf2 Nxf2 30. Kxf2 Rf8 0-1